A memoir on Khashruzzaman Choudhury = খসরুজ্জামান চৌধুরী স্মারকগ্রন্থ
Commemorative volume on a civil servant and economist from Bangladesh.
| Kolejni autorzy: | |
|---|---|
| Format: | Książka |
| Język: | English Bengali |
| Wydane: |
ঢাকা :
আগামী প্রকাশনী,
২০১৪.
|
| Hasła przedmiotowe: | |
| Classic Catalogue: | View this record in Classic Catalogue |
| LEADER | 01592nam a2200373 i 4500 | ||
|---|---|---|---|
| 001 | 39008 | ||
| 003 | BD-DhAAL | ||
| 008 | 220726t2014 bg a 000 0 eng d | ||
| 999 | |c 44646 |d 44646 | ||
| 010 | |a 2014358189 | ||
| 020 | |a 9789840416721 | ||
| 025 | |a B-E-2014-358189; 22-90 | ||
| 035 | |a (MFDhaka) 2014358189 | ||
| 037 | |b Library of Congress -- New Delhi Overseas Office | ||
| 040 | |a DLC |b eng |c DLC |e rda |d DLC |d BD-DhAAL | ||
| 041 | 0 | |a eng |a ben | |
| 042 | |a lcode |a pcc | ||
| 043 | |a a-bg--- | ||
| 050 | 0 | 0 | |a JQ636.Z1 |b C566 2014 |
| 082 | |a 332.1095492 | ||
| 245 | 0 | 2 | |a A memoir on Khashruzzaman Choudhury = |b খসরুজ্জামান চৌধুরী স্মারকগ্রন্থ |
| 264 | 1 | |a ঢাকা : |b আগামী প্রকাশনী, |c ২০১৪. | |
| 300 | |a ৩৫২ পৃষ্ঠা : |b চিত্র ; |c ২২ সে.মি. | ||
| 520 | |a Commemorative volume on a civil servant and economist from Bangladesh. | ||
| 541 | |a Donated By Akbar Ali Khan |e 39008 | ||
| 546 | |a Includes articles in Bengali. | ||
| 600 | 1 | 0 | |a Choudhury, Khashruzzaman. |9 50263 |
| 650 | 0 | |a Economists |z Bangladesh. |9 50264 | |
| 650 | 0 | |a Economists |z Bangladesh |v Biography. |9 50265 | |
| 651 | 0 | |a Bangladesh |x Officials and employees |v Biography. |9 50266 | |
| 700 | 1 | |a Choudhury, Khashruzzaman. |9 50263 | |
| 852 | |a Ayesha Abed Library |c Akbar Ali Khan Collection | ||
| 942 | |2 ddc |c BK | ||
| 952 | |0 0 |1 0 |2 ddc |4 0 |6 332_109549200000000_MEM |7 1 |9 71336 |a BRACUL |b BRACUL |c AAKC |d 2022-07-26 |e Donated by Akbar Ali Khan |l 0 |o 332.1095492 MEM |p 3010039008 |r 2022-07-26 |t 1 |w 2022-07-26 |y BK | ||